História, vývoj a budúcnosť daňových rajov diplomová práca

Gespeichert in:
Bibliographische Detailangaben
1. Verfasser: Opálková, Nelly
Körperschaft: Fakulta medzinárodných vzťahov EU. Katedra medzinárodných ekonomických vzťahov a hospodárskej diplomacie
Weitere Verfasser: Jančíková, Eva, 1960-
Format: Buch
Sprache:Slowakisch
Veröffentlicht: Bratislava 2021
Tags: Tag hinzufügen
Keine Tags, Fügen Sie das erste Tag hinzu!

MARC

LEADER 00000nbm a2200000 4500
001 0275309
005 20220314132658.0
041 0 |a slo 
044 |a SK 
245 1 0 |a História, vývoj a budúcnosť daňových rajov  |b diplomová práca  |c Nelly Opálková ; školiteľ: Eva Jančíková 
264 1 |a Bratislava  |c 2021 
300 |a 66 s. 
100 1 |a Opálková, Nelly 
700 1 |a Jančíková, Eva, 1960- 
710 2 |a Fakulta medzinárodných vzťahov EU. Katedra medzinárodných ekonomických vzťahov a hospodárskej diplomacie